Statistics for Turkmenistan A-Z Quiz

Click here to take the quiz!

General Stats

  • This quiz has been taken 59 times
  • The average score is 11 of 26

Answer Stats

LetterHintAnswer% Correct
ACapital cityAshgabat
90%
CInland sea to west of TurkmenistanCaspian Sea
88%
IThis country lies to the southIran
78%
HTurkmenistan has a door to...Hell
73%
FThe country was declared 3rd worst for Press...Freedom
70%
SThis ancient trade road runs through TurkmenistanSilk Road
70%
UTurkmenistan was once part of this countryUSSR
68%
QThe book below is supposed to be displayed side by side with this bookQur'an
65%
VMost popular alcoholic beverageVodka
63%
GTurkmenistan has the world's 4th largest reserve of this substanceGas
63%
TWord that means 'Father of all Turkmen'Turkmenbashi
45%
MThe capital city is home to the largest one of these in Central AsiaMosque
40%
NPresident for life, SapamuratNiyazov
35%
BCurrent president, GurbangulyBerdimuhamedow
35%
ETurkmenistan has had four of these since independenceElections
35%
PTurkmenistan has five of theseProvinces
33%
RName of the president's spiritual book, a mandatory readRuhnama
33%
KTurkmenistan is mostly covered by this desert, which means 'Black sand'Karakum Desert
30%
JThe first president renamed this after himselfJanuary
25%
D'Stone spring' city in far northDaşoguz
20%
LLarge north-eastern region of TurkmenistanLebap
13%
WThe capital city has the highest number of these in the worldWhite marble buildings
13%
OOfficial residence of the presidentOguzkhan Presidential Palace
8%
YThis type of carpet is one featured on the national flagYomut
5%
XThis tribe of squirrels can be found in TurkmenistanXerini
3%
ZTurkmen civil rights and environmental activist imprisoned for speaking outAndrey Zatoka
3%

Score Distribution

Percentile by Number Answered

Percent of People with Each Score

Your Score History

You have not taken this quiz